000 01110cam a2200241 4500
001 ABS66170
008 021119n2002 000 0 eng u
035 _a(Sirsi) u120507
100 _aMadine, V
245 _aRunning to stand still
260 _c2002
490 _aBuilding
_v267(8256) 25 October 2002, 48-51(4)
520 _aReports on the latest Hays Montrose/Building contractors salaries guide which shows a general industry wide downturn. For example, junior professionals have had poor rises of 4-5% which is compared with up to 25% reported last year. Senior QS are faring better though with an average 7.4% more than last year. With tables of average pay amongst contractors for last year and a summary of the key findings.
590 _aABS
650 _aBUILDING CONTRACTORS SALARIES
650 _aHAYS CONSTRUCTION/BUILDING CONTRACTORS' SALARIES GUIDE
650 _aSALARY SURVEYS
650 _aECONOMIC DOWNTURN
650 _aBUILT ENVIRONMENT-QUANTITY SURVEYING
650 _aCONTRACTORS PAYMENTS
690 _aMANAGEMENT-BUSINESS MANAGEMENT-PROFESSIONAL PRACTICE
942 _n0
999 _c71590
_d71590